[Event "Catalunya-chT Honor"]
[Site "Catalunya"]
[Date "2013.04.13"]
[Round "11.8"]
[White "Anguera Maestro, Jaime"]
[Black "Ortiz Lafont, Jose"]
[Result "1-0"]
[WhiteElo "2132"]
[BlackElo "2185"]
[PlyCount "79"]
[EventDate "2013.01.19"]
[EventType "team-tourn"]
[EventRounds "11"]
[EventCountry "ESP"]
[SourceTitle "EXT 2014"]
[Source "ChessBase"]
[SourceDate "2013.11.20"]
[SourceVersion "1"]
[SourceVersionDate "2013.11.20"]
[SourceQuality "1"]
[WhiteTeam "Sant Andreu"]
[BlackTeam "Badalona Sant Josep"]
[WhiteTeamCountry "ESP"]
[BlackTeamCountry "ESP"]

1. d4 d5 2. Nf3 Nf6 3. e3 c5 4. Bd3 Nc6 5. c3 cxd4 6. exd4 Bg4 7. Bf4 Bxf3 8. Qxf3 e6 9. 0-0 Bd6 10. Re1 Bxf4 11. Qxf4 0-0 12. Nd2 Rb8 13. Re3 g6 14. Rh3 h5 15. Nf3 Ng4 16. Rg3 Kg7 17. h3 Qf6 18. Qd2 Nh6 19. Re1 Rbe8 20. Ne5 Nxe5 21. dxe5 Qh4 22. Qc2 Nf5 23. Bxf5 exf5 24. Qxf5 Re6 25. Qd3 Rd8 26. Rge3 d4 27. Re4 dxc3 28. Qxc3 Qe7 29. Rc4 Rd7 30. f4 b5 31. Rc8 Rd8 32. Rc6 a6 33. Kh1 Kh7 34. Rc7 Rd7 35. Rc1 Kg7 36. a3 Qd8 37. Rc8 Qh4 38. Qf3 Rd4 39. Rf1 Rd2 40. Qa8 1-0

[Event "Catalunya-chT DH"]
[Site "Spain"]
[Date "2004.??.??"]
[Round "8"]
[White "De la Riva Aguado, Jorge"]
[Black "Ortiz Lafont, Jose"]
[Result "1/2-1/2"]
[WhiteElo "2303"]
[BlackElo "2143"]
[PlyCount "56"]
[EventDate "2004.??.??"]
[EventType "team"]
[EventRounds "9"]
[EventCountry "ESP"]
[SourceTitle "EXT 2007"]
[Source "ChessBase"]
[SourceDate "2006.11.23"]
[SourceVersion "1"]
[SourceVersionDate "2006.11.23"]
[SourceQuality "1"]

1. d4 d5 2. c4 c6 3. Nf3 Nf6 4. Nc3 dxc4 5. a4 Bg4 6. Ne5 Bh5 7. g3 Na6 8. Bg2 Nb4 9. Nxc4 Qxd4 10. Qxd4 Nc2+ 11. Kf1 Nxd4 12. Bf4 e6 13. Nd6+ Bxd6 14. Bxd6 Rd8 15. Be5 Nb3 16. Rd1 Rxd1+ 17. Nxd1 Ke7 18. f3 Rd8 19. Ne3 Ne8 20. g4 Bg6 21. h4 f6 22. Bc3 Nc7 23. g5 Nd5 24. Nxd5+ Rxd5 25. Kf2 Bc2 26. gxf6+ gxf6 27. h5 Rg5 28. Rh4 e5 1/2-1/2

[Event "Catalunya-chT DH"]
[Site "Spain"]
[Date "2004.??.??"]
[Round "7"]
[White "Ortiz Lafont, Jose"]
[Black "Padreny Gutierrez, Josep"]
[Result "0-1"]
[WhiteElo "2143"]
[BlackElo "2229"]
[PlyCount "110"]
[EventDate "2004.??.??"]
[EventType "team"]
[EventRounds "9"]
[EventCountry "ESP"]
[SourceTitle "EXT 2007"]
[Source "ChessBase"]
[SourceDate "2006.11.23"]
[SourceVersion "1"]
[SourceVersionDate "2006.11.23"]
[SourceQuality "1"]

1. d4 g6 2. Nf3 Bg7 3. Bf4 d6 4. e3 Nd7 5. Be2 e5 6. Bg3 Qe7 7. 0-0 Ngf6 8. h3 0-0 9. c4 Ne4 10. Bh2 f5 11. Nbd2 Nxd2 12. Qxd2 e4 13. Ne1 Nf6 14. Nc2 h6 15. b4 g5 16. c5 d5 17. a4 Ne8 18. f3 Nf6 19. Be5 Be6 20. f4 g4 21. Bxf6 Qxf6 22. hxg4 fxg4 23. g3 h5 24. Kg2 Kf7 25. Rh1 Rh8 26. b5 Rh7 27. Rh4 Qe7 28. Rah1 Kg6 29. Qd1 Bf6 30. R4h2 Rah8 31. Nb4 Rd8 32. a5 Qd7 33. a6 bxa6 34. c6 Qd6 35. Nxa6 Qa3 36. Nc5 Bf5 37. Qb3 Qxb3 38. Nxb3 Rb8 39. Ra1 Rhh8 40. Rhh1 Be7 41. Rxa7 Bd6 42. Ra4 Be6 43. Nc5 Bf5 44. Kf2 Rh7 45. Ra7 Rhh8 46. Nb3 Be6 47. Kg2 Bf5 48. Rb1 h4 49. gxh4 Rxh4 50. Rh1 Rxh1 51. Kxh1 Rh8+ 52. Kg2 Rh3 53. Kf2 Rh2+ 54. Ke1 g3 55. Bf1 Bg4 0-1

[Event "Catalunya-chT DH"]
[Site "Spain"]
[Date "2004.??.??"]
[Round "1"]
[White "Ortiz Lafont, Jose"]
[Black "Ribera Baztan, Jose"]
[Result "1-0"]
[WhiteElo "2143"]
[BlackElo "2140"]
[PlyCount "111"]
[EventDate "2004.??.??"]
[EventType "team"]
[EventRounds "9"]
[EventCountry "ESP"]
[SourceTitle "EXT 2007"]
[Source "ChessBase"]
[SourceDate "2006.11.23"]
[SourceVersion "1"]
[SourceVersionDate "2006.11.23"]
[SourceQuality "1"]

1. d4 f5 2. Nf3 Nf6 3. Bf4 g6 4. e3 Bg7 5. Bc4 e6 6. Nbd2 0-0 7. Qe2 Nc6 8. c3 d6 9. 0-0 Bd7 10. Bg5 h6 11. Bxf6 Qxf6 12. d5 exd5 13. Bxd5+ Kh8 14. Nd4 f4 15. Bxc6 bxc6 16. exf4 Rab8 17. Qf3 Rxb2 18. Nc4 Rbb8 19. Nxc6 Rbe8 20. Ne3 Qxf4 21. Nd4 Qxf3 22. Nxf3 Bxc3 23. Rac1 Ba5 24. Nc4 Bb4 25. Ncd2 Bb5 26. Rfe1 Ba5 27. Rxe8 Rxe8 28. Nb3 Bb6 29. Nbd4 Bd7 30. h3 Re4 31. Rd1 Kg7 32. Rd2 Kf6 33. Ne2 Be6 34. Ned4 Bf7 35. Nb3 d5 36. Rc2 Rc4 37. Re2 Be6 38. Nfd2 Rc2 39. Ne4+ dxe4 40. Rxc2 a5 41. Nc5 Bf5 42. g4 Bc8 43. Na4 Bd7 44. Nxb6 cxb6 45. Rc7 Ke6 46. Rb7 b5 47. Kf1 Bc6 48. Rg7 Kf6 49. Ra7 Kg5 50. Rxa5 Kh4 51. Ra3 h5 52. gxh5 gxh5 53. Kg2 Bd5 54. Kh2 Bc4 55. Re3 Bd3 56. f3 1-0

[Event "Catalunya-chT"]
[Site "Spain"]
[Date "2003.??.??"]
[Round "1"]
[White "Ibanez Tarradellas, Eduardo"]
[Black "Ortiz Lafont, Jose"]
[Result "1-0"]
[WhiteElo "2265"]
[BlackElo "2185"]
[PlyCount "33"]
[EventDate "2003.??.??"]
[EventType "team"]
[EventRounds "9"]
[EventCountry "ESP"]
[SourceTitle "EXT 2007"]
[Source "ChessBase"]
[SourceDate "2006.11.23"]
[SourceVersion "1"]
[SourceVersionDate "2006.11.23"]
[SourceQuality "1"]

1. d4 d5 2. Bg5 h6 3. Bh4 c6 4. e3 Bf5 5. Nf3 Qb6 6. Qc1 e6 7. c4 Bxb1 8. Qxb1 Bb4+ 9. Kd1 dxc4 10. Bxc4 Be7 11. Bxe6 Bxh4 12. Bxf7+ Kxf7 13. Ne5+ Ke6 14. Qg6+ Nf6 15. Qf7+ Kf5 16. f3 h5 17. g3 1-0

[Event "Catalunya-chT"]
[Site "Spain"]
[Date "2003.??.??"]
[Round "9"]
[White "Ortiz Lafont, Jose"]
[Black "Armengol Comas, Joaquim"]
[Result "0-1"]
[WhiteElo "2185"]
[BlackElo "2183"]
[PlyCount "44"]
[EventDate "2003.??.??"]
[EventType "team"]
[EventRounds "9"]
[EventCountry "ESP"]
[SourceTitle "EXT 2007"]
[Source "ChessBase"]
[SourceDate "2006.11.23"]
[SourceVersion "1"]
[SourceVersionDate "2006.11.23"]
[SourceQuality "1"]

1. d4 Nf6 2. Nf3 g6 3. Bf4 Bg7 4. e3 0-0 5. h3 d6 6. Be2 Nfd7 7. 0-0 e5 8. Bh2 Nc6 9. Bb5 f5 10. dxe5 Ndxe5 11. Nxe5 Nxe5 12. c3 Be6 13. Nd2 Qe7 14. Nf3 c5 15. Qe2 a6 16. Bd3 b5 17. Rfd1 Rfd8 18. a4 Nxd3 19. Qxd3 Bb3 20. Rd2 bxa4 21. Bxd6 Qe6 22. c4 Bf8 0-1

[Event "Barceloneta op 2nd"]
[Site "Barcelona"]
[Date "2002.10.19"]
[Round "4"]
[White "Martin Valentin, Francesco"]
[Black "Ortiz Lafont, Jose"]
[Result "1/2-1/2"]
[WhiteElo "2079"]
[BlackElo "2189"]
[PlyCount "66"]
[EventDate "2002.09.30"]
[EventType "swiss"]
[EventRounds "9"]
[EventCountry "ESP"]
[SourceTitle "EXT 2004"]
[Source "ChessBase"]
[SourceDate "2003.11.25"]
[SourceVersion "1"]
[SourceVersionDate "2003.11.25"]
[SourceQuality "1"]

1. d4 d5 2. c4 c6 3. Nc3 Nf6 4. Nf3 dxc4 5. a4 Bg4 6. e3 e5 7. dxe5 Qxd1+ 8. Kxd1 Nfd7 9. Bxc4 Bxf3+ 10. gxf3 Nxe5 11. Be2 a5 12. f4 Ned7 13. e4 Nc5 14. Bc4 Nba6 15. Be3 Nb4 16. Bxc5 Bxc5 17. Ke2 Nc2 18. Rad1 Nd4+ 19. Kf1 Ke7 20. Rg1 g6 21. e5 Ne6 22. Ne4 Bb4 23. Bxe6 Kxe6 24. Ke2 Rad8 25. Kf3 h6 26. h4 Be7 27. Kg3 Rd5 28. Rxd5 Kxd5 29. Nd2 Bb4 30. Rd1 Bxd2 31. Rxd2+ Ke6 32. Rd6+ Ke7 33. h5 gxh5 1/2-1/2

[Event "Padron op"]
[Site "Padron"]
[Date "2002.08.23"]
[Round "2"]
[White "Ortiz Lafont, Jose"]
[Black "Herrera, Irisberto"]
[Result "0-1"]
[WhiteElo "2189"]
[BlackElo "2478"]
[PlyCount "124"]
[EventDate "2002.08.22"]
[EventType "swiss"]
[EventRounds "9"]
[EventCountry "ESP"]
[SourceTitle "CBM 089 Extra"]
[Source "ChessBase"]
[SourceDate "2002.09.10"]
[SourceVersion "2"]
[SourceVersionDate "2002.09.10"]
[SourceQuality "1"]

1. d4 Nf6 2. Nf3 g6 3. g3 Bg7 4. Bg2 0-0 5. 0-0 d5 6. c4 dxc4 7. Na3 c3 8. bxc3 c5 9. Nc4 Nc6 10. Nce5 Nd5 11. Bd2 Nxe5 12. Nxe5 cxd4 13. cxd4 Be6 14. Nf3 Rc8 15. Rc1 Nb6 16. Rxc8 Qxc8 17. Qa1 Qc4 18. e3 Bd5 19. Rc1 Qe2 20. Re1 Qd3 21. Bb4 Rc8 22. Rc1 Rxc1+ 23. Qxc1 e6 24. Ne1 Qc4 25. Qxc4 Nxc4 26. Bxd5 exd5 27. Kf1 a5 28. Bc3 Kf8 29. Ke2 Ke7 30. Kd3 b5 31. Nf3 f5 32. Nd2 Kd6 33. Nb3 b4 34. Be1 Kc6 35. Nc5 Bf8 36. Ne6 Be7 37. h4 a4 38. h5 b3 39. axb3 axb3 40. Bc3 gxh5 41. f3 b2 42. Kc2 Nxe3+ 43. Kxb2 Nd1+ 44. Kc2 Nxc3 45. Kxc3 h4 46. gxh4 Bxh4 47. f4 Bf6 48. Kd3 Kd6 49. Nc5 h5 50. Ke3 h4 51. Nd3 h3 52. Kf3 Bxd4 53. Kg3 Bf6 54. Kxh3 d4 55. Kg3 Kd5 56. Kf3 Kc4 57. Ke2 Kc3 58. Ne1 Be7 59. Nf3 Bf6 60. Ne1 Bh4 61. Nf3 Bg3 62. Kd1 Kd3 0-1

[Event "Catalunya-chT"]
[Site "Catalunya"]
[Date "1996.??.??"]
[Round "?"]
[White "Bravo Barranco, Narciso"]
[Black "Ortiz Lafont, Jose"]
[Result "1/2-1/2"]
[WhiteElo "2265"]
[BlackElo "2170"]
[PlyCount "87"]
[EventDate "1996.??.??"]
[EventType "team"]
[EventRounds "9"]
[EventCountry "ESP"]
[SourceTitle "EXT 1999"]
[Source "ChessBase"]
[SourceDate "1998.11.16"]
[SourceVersion "1"]
[SourceVersionDate "1998.11.16"]
[SourceQuality "1"]

1. e4 c6 2. d4 d5 3. e5 Bf5 4. Nc3 h5 5. Be2 e6 6. Nf3 c5 7. 0-0 Nc6 8. Be3 c4 9. b3 Qa5 10. Bd2 Bb4 11. a3 Bxc3 12. b4 Qa4 13. Bxc3 Qxc2 14. Qe1 Qa4 15. Bd1 Bc2 16. Be2 Nge7 17. Qd2 0-0-0 18. Ng5 Rdf8 19. b5 Nb8 20. Bb4 Kd7 21. Nh3 Rfg8 22. Nf4 h4 23. Ra2 Bb3 24. Rb2 Nf5 25. Rc1 g5 26. Nh5 Rxh5 27. Bxh5 Qxb5 28. Bg4 Nc6 29. Bxf5 exf5 30. Bc3 Ke6 31. Qe2 g4 32. Qe3 Rg6 33. g3 Qb6 34. gxh4 Qd8 35. h5 Rg5 36. h6 Rh5 37. f3 Qg5 38. Qxg5 Rxg5 39. Bd2 Rh5 40. fxg4 fxg4 41. Be3 Ne7 42. Rg2 Nf5 43. Bf2 Nxh6 44. Be1 1/2-1/2

[Event "Catalunya-chT"]
[Site "Catalunya"]
[Date "1996.??.??"]
[Round "?"]
[White "Delgado, Alberto"]
[Black "Ortiz Lafont, Jose"]
[Result "1-0"]
[WhiteElo "2310"]
[BlackElo "2170"]
[PlyCount "27"]
[EventDate "1996.??.??"]
[EventType "team"]
[EventRounds "9"]
[EventCountry "ESP"]
[SourceTitle "EXT 1999"]
[Source "ChessBase"]
[SourceDate "1998.11.16"]
[SourceVersion "1"]
[SourceVersionDate "1998.11.16"]
[SourceQuality "1"]

1. c4 c6 2. Nf3 d5 3. b3 Bf5 4. Bb2 e6 5. g3 Nf6 6. Bg2 h6 7. 0-0 Nbd7 8. d3 Be7 9. Nbd2 0-0 10. Re1 Bh7 11. a3 a5 12. Nf1 Bc5 13. cxd5 Bxf2+ 14. Kxf2 1-0

[Event "Catalunya-chT"]
[Site "Catalunya"]
[Date "1996.??.??"]
[Round "?"]
[White "Ortiz Lafont, Jose"]
[Black "Aoiz Linares, Jose Javier"]
[Result "1-0"]
[WhiteElo "2170"]
[BlackElo "2275"]
[PlyCount "69"]
[EventDate "1996.??.??"]
[EventType "team"]
[EventRounds "9"]
[EventCountry "ESP"]
[SourceTitle "EXT 2019"]
[Source "ChessBase"]
[SourceDate "2018.10.10"]
[SourceVersion "1"]
[SourceVersionDate "2018.10.10"]
[SourceQuality "1"]

1. d4 Nf6 2. Nf3 e6 3. Bf4 c5 4. c3 b6 5. e3 Bb7 6. h3 Be7 7. Nbd2 0-0 8. Be2 d6 9. 0-0 Nbd7 10. a4 Rc8 11. Bh2 cxd4 12. exd4 Nd5 13. Bd3 N7f6 14. Ng5 h6 15. Nde4 Nxe4 16. Nxe4 f5 17. Nd2 Bg5 18. Qe2 Nf4 19. Bxf4 Bxf4 20. g3 Qg5 21. h4 Qg6 22. Kh2 e5 23. Nb3 exd4 24. Nxd4 Rce8 25. Qc2 Qg4 26. Bxf5 Rxf5 27. Qxf5 Qxh4+ 28. Qh3 Qf6 29. gxf4 Re4 30. Rae1 Rxf4 31. Qe6+ Qxe6 32. Rxe6 Kf7 33. Rxd6 Be4 34. f3 Bd3 35. Re1 1-0

[Event "Catalunya-chT"]
[Site "Catalunya"]
[Date "1996.??.??"]
[Round "?"]
[White "Ortiz Lafont, Jose"]
[Black "Montell Lorenzo, Joan Carlos"]
[Result "1/2-1/2"]
[WhiteElo "2170"]
[BlackElo "2295"]
[PlyCount "88"]
[EventDate "1996.??.??"]
[EventType "team"]
[EventRounds "9"]
[EventCountry "ESP"]
[SourceTitle "EXT 2019"]
[Source "ChessBase"]
[SourceDate "2018.10.10"]
[SourceVersion "1"]
[SourceVersionDate "2018.10.10"]
[SourceQuality "1"]

1. d4 f5 2. Bf4 Nf6 3. e3 e6 4. Nf3 b6 5. Nbd2 Bb7 6. Bd3 Be7 7. h3 c5 8. c3 0-0 9. 0-0 Qe8 10. Qe2 Ne4 11. Ne1 Qg6 12. f3 Nxd2 13. Qxd2 d6 14. Nc2 Nd7 15. Bc4 Rad8 16. Qf2 Qf7 17. Qe2 Nf6 18. Bh2 Nh5 19. g4 Qg6 20. Qg2 fxg4 21. hxg4 d5 22. Bb3 Nf6 23. Ne1 Ba6 24. Bc2 Bxf1 25. Qxf1 Qf7 26. Qh3 Bd6 27. Be5 g6 28. Bxd6 Rxd6 29. Nd3 Nd7 30. f4 c4 31. Ne1 Qg7 32. g5 b5 33. a3 a5 34. Nf3 Rb6 35. Kf2 Qe7 36. Rh1 Qg7 37. Ra1 Rf7 38. Nh2 e5 39. dxe5 Nxe5 40. Qg2 Rd6 41. Ke2 Nc6 42. Rd1 Rfd7 43. Ng4 Ne7 44. e4 d4 1/2-1/2

[Event "Berga op"]
[Site "Berga"]
[Date "1995.??.??"]
[Round "2"]
[White "Magem Badals, Jordi"]
[Black "Ortiz Lafont, Jose"]
[Result "1-0"]
[WhiteElo "2560"]
[BlackElo "2160"]
[PlyCount "45"]
[EventDate "1995.??.??"]
[EventType "swiss"]
[EventRounds "9"]
[EventCountry "ESP"]
[SourceTitle "EXT 1997"]
[Source "ChessBase"]
[SourceDate "1996.11.15"]
[SourceVersion "1"]
[SourceVersionDate "1996.11.15"]
[SourceQuality "1"]

1. e4 c6 2. d4 d5 3. e5 c5 4. dxc5 Nc6 5. Bb5 e6 6. Be3 Nge7 7. c3 Bd7 8. Bxc6 Nxc6 9. f4 a5 10. a4 d4 11. cxd4 Nb4 12. Nc3 Bc6 13. Nf3 b6 14. 0-0 Be7 15. Nb5 Nd5 16. Qd2 0-0 17. Nd6 Rb8 18. Rf2 bxc5 19. dxc5 Rb3 20. Nd4 Rxe3 21. Nxc6 Qc7 22. Nxe7+ Qxe7 23. Qxa5 1-0